Movies Quiz

Random Movies or Disney Quiz

Disney Live-Action Fill-in-the-Blank Quiz Stats

Quiz Updated Dec 6, 2017

Challenge
Share
Tweet
Embed
Score 0/48 Timer 06:00
7 Plays Today
Disney title Missing Word % Correct
Honey, I ______ the KidsShrunk
95.9%
The ______ DiariesPrincess
86%
20,000 ______ Under the SeaLeagues
85.3%
______ FridayFreaky
85.3%
Treasure ______Island
84.6%
The ______ TrapParent
83.5%
______ to TerabithiaBridge
83.5%
Remember the ______Titans
81.5%
Pirates of the Caribbean:
The ______ of the Black Pearl
Curse
81.3%
Mary ______Poppins
81.2%
Escape to ______ MountainWitch
80.4%
The Santa ______Clause
77.5%
______ in the OutfieldAngels
75.8%
______ of the JungleGeorge
75.7%
______ Bound: The Incredible JourneyHomeward
74.6%
The Mighty ______Ducks
73.2%
______ Family RobinsonSwiss
71.7%
The Sorcerer's ______Apprentice
70.5%
______ RunningsCool
69.5%
Prince of ______: The Sands of TimePersia
69.3%
______ BudAir
68.8%
______ and BroomsticksBedknobs
66.5%
The ______ MansionHaunted
65.7%
Old ______Yeller
64.4%
Disney title Missing Word % Correct
That ______ Cat!Darn
60.7%
Davy ______, King of the
Wild Frontier
Crockett
58.3%
______ EverlastingTuck
55.5%
______ in ToylandBabes
54.7%
Song of the ______South
51.2%
______ FangWhite
49.9%
The Absent-Minded ______Professor
49.9%
______ StoriesBedtime
43.5%
The ______ BugLove
42.6%
______ TreasureNational
42.5%
Operation ______ DropDumbo
39.6%
______ BelowEight
39.5%
Blank ______Check
39.5%
______ DragonPete's
38.5%
The Apple ______ GangDumpling
32.9%
Beverly Hills ______Chihuahua
32.5%
Darby O'Gill and the ______ PeopleLittle
30.7%
The ______ DogShaggy
30.5%
______ of the NavigatorFlight
29.4%
The ______ Wore Tennis ShoesComputer
15.7%
The ______ DachshundUgly
10%
Iron ______Will
9.3%
Summer ______Magic
6.4%
Follow Me, ______!Boys
5.8%

You're not logged in!

Compare scores with friends on all Sporcle quizzes.
Sign Up with Email
OR
Log In

You Might Also Like...

Show Comments

Extras

Top Quizzes Today


Score Distribution

Your Account Isn't Verified!

In order to create a playlist on Sporcle, you need to verify the email address you used during registration. Go to your Sporcle Settings to finish the process.